<?xml version="1.0" encoding="UTF-8"?>
<collection xmlns="http://www.loc.gov/MARC21/slim">
 <record>
  <leader>00261pamaa2200097   4500</leader>
  <controlfield tag="001">0000036646</controlfield>
  <controlfield tag="005">20040206090000.0</controlfield>
  <datafield tag="245" ind1="0" ind2="0">
   <subfield code="a">Industrial law reports : </subfield>
   <subfield code="b">1-2, 2002.</subfield>
  </datafield>
  <datafield tag="300" ind1=" " ind2=" ">
   <subfield code="a">26cm.</subfield>
  </datafield>
  <datafield tag="500" ind1="0" ind2="0">
   <subfield code="a">Volume 1- 2</subfield>
  </datafield>
  <datafield tag="650" ind1="0" ind2="0">
   <subfield code="a">Industrial Law and legislation -- </subfield>
   <subfield code="x">Periodicals -- </subfield>
   <subfield code="z">Malaysia </subfield>
  </datafield>
 </record>
</collection>
